[Event "New Zealand Open 2016"]
[Site "Devonport, Auckland NZL"]
[Date "2016.01.03"]
[Round "2.26"]
[White "Taylor, Richard"]
[Black "Zhu, Karl Kai"]
[Result "1/2-1/2"]
[WhiteElo "1888"]
[BlackElo "1996"]
[PlyCount "59"]
[EventDate "2016.01.02"]

1. e4 c5 2. Nf3 e6 3. d4 cxd4 4. Nxd4 Nc6 5. Nc3 Qc7 6. Be2 a6 7. Be3 Nf6 8.
O-O b5 9. a3 Bb7 10. f3 Be7 11. Qd2 O-O 12. g4 b4 13. axb4 Bxb4 14. g5 Ne8 15.
Kh1 Ne5 16. Bf4 d6 {Diagram # Here I thought I was in difficulty. I had pushed
Karl's N back not to attack the K-side but to split his rooks and I hoped
somehow to attack the R pawn. Now 17. Ra4 and doubling rooks to attack the 'a'
pawn seems best according to my machine. But in the game I felt I was losing
ground. So I found one of my "combinations". I knew that it would have
surprise value, but I also judged it to be better for me. I had overlooked
some defences, but overall I thought at the time could win. As it happens
there are a lot of complexities and I got a winning position (both players
missed 20....Bd7! which is probably a bit better for Black, but it is critical
Black finds that), this was a line that required judgement and calculation and
overall my brain didn't let me down.} 17. Ncb5 $5 {Enterprising but not sound.
Better according to the machine is 17. Ra4. However what I played had a
psychological impact and was all but winning.} Bxd2 18. Nxc7 Bxf4 19. Nxa8 Bxa8
20. Rxa6 {Diagram #} Nc7 $2 {Better is the move we both missed} (20... Bb7 $1
21. Ra7 Bc8) 21. Ra7 Rc8 22. Rfa1 {
Now there is a terrible threat of mate looming! So...} g6 23. Nb5 {Diagram #}
Bc6 $2 (23... Bxe4 24. Nxd6 Nb5 25. Nxc8 Nxf3 26. Bd3 Nxg5+ 27. Bxe4 Nxa7 28.
Rxa7 Nxe4) 24. Nxc7 $6 (24. Rxc7 $1) 24... d5 25. exd5 exd5 26. R1a3 Bxg5 27.
c3 Be7 28. R3a6 $2 Bc5 $1 29. Kg2 Bxa7 30. Rxa7 {Draw agreed.} 1/2-1/2

[Event "New Zealand Open 2016"]
[Site "Devonport, Auckland NZL"]
[Date "2016.01.05"]
[Round "4.26"]
[White "Taylor, Richard"]
[Black "Zhu, Leo Lei"]
[Result "1/2-1/2"]
[WhiteElo "1888"]
[BlackElo "1989"]
[PlyCount "91"]
[EventDate "2016.01.02"]

1. e4 c5 2. Nf3 e6 3. d4 cxd4 4. Nxd4 a6 5. Bd3 Bc5 6. Nb3 Ba7 7. O-O Nc6 8.
Nc3 Nf6 9. Qf3 O-O 10. Be3 Bxe3 11. Qxe3 Qc7 12. h3 b5 13. f4 d6 14. Kh1 Bb7
15. Rae1 Nb4 16. Rc1 Nxd3 17. cxd3 Qd8 18. Nd4 Qb6 19. Nce2 Nd7 20. Qg3 Rac8
21. f5 Rxc1 22. Rxc1 e5 23. f6 Nxf6 24. Nf5 g6 25. Ne7+ Kg7 26. Nf5+ Kh8 27.
Qh4 d5 28. Qh6 Rg8 29. Ne7 Re8 30. Nxd5 Nxd5 31. exd5 Bxd5 32. Nc3 Bb7 33. Rf1
Qe6 34. Qe3 Kg7 35. Kg1 Qc6 36. Qf2 f5 37. a3 Rd8 38. Qe2 Qc5+ 39. Kh2 Qd6 40.
Re1 e4+ 41. Kh1 Qxd3 42. Qf2 Qd2 43. Re2 Qd4 44. Qh4 {Diagram # My last move
44. Qh4 is at least fighting (in a few other games in the tournament I failed
to do this, and gave up too easily in difficulty) but here I was looking for
any way to escape. But Black only has to play 44. /\ Qf6 ( there are other
moves) and he is easily winning, in fact I should resign. But, and it is no
reflection on my opponent who played well, while I had played a lot of the
game quite badly, now my doggedness paid off as now Leo played the natural} Qd6
$4 {when I took my chance, and after checking that I wasn't on another planet,
played} 45. Rd2 $1 {This forced} Qxd2 {and after} 46. Qe7+ {I escaped with a
perpetual check. 45.Rd2 is one of those problem like moves such as the cross
pin that perhaps for those who are winning should be banned. They are
beautiful to the observer and the perpetrator but tragic for the player on the
receiving end.} 1/2-1/2

[Event "Catalunya chT"]
[Site "Catalunya"]
[Date "2013.02.09"]
[Round "4.1"]
[White "Narciso-Dublan, Marc"]
[Black "Vallejo Pons, Francisco"]
[Result "1/2-1/2"]
[WhiteElo "2549"]
[BlackElo "2694"]
[PlyCount "50"]
[EventDate "2013.??.??"]

1. d4 Nf6 2. c4 e6 3. Nc3 Bb4 4. Qc2 b6 5. e4 c5 $1 {Diagram #} 6. e5 cxd4 7.
a3 {It would be a blunder to continue} (7. exf6 $4 dxc3 8. bxc3 (8. fxg7 cxb2+
$19) 8... Qxf6 $19) 7... Bxc3+ 8. bxc3 {Diagram #} Ng8 $1 {It seems tempting
to use an intermediate move to keep White's pawns doubled with} (8... d3 $2 9.
Qxd3 Ng8 {but after} 10. Qg3 $1 {White has a strong initiative.}) 9. cxd4 {
Also tempting is} (9. Qe4 $5 {Vallejo Pons gives the variation} Nc6 10. cxd4 {
Now Vallejo Pons suggests} (10. cxd4 d5 $1 11. Qg4 (11. exd6 Qxd6 $10) ({or} 
11. cxd5 f5 $1 12. exf6 (12. Qe3 Qxd5 $10) 12... Nxf6 13. Qe3 Qxd5 $10) 11...
Kf8 $5 {with the idea of Nge7 and Ba6. Also interesting is}) 10... Bb7 $5 {
Diagram # as played by Kanan Izzat, the game continued} 11. Nf3 (11. Qg4 Nge7
12. Qxg7 $2 Rg8 13. Qxh7 Nxd4 $17) 11... Nge7 12. Qg4 Nf5 13. Bd3 h5 14. Qf4
Nce7 15. d5 Ng6 16. Qd2 {Diagram # Playing around with variations here with
Stockfish7 I can't demonstrate anything concrete for White, although in my
eyes it does look quite scary for the Black side. For example} (16. Qe4 $5 Nfe7
17. Qd4 exd5 18. cxd5 Bxd5 19. Bxg6 fxg6 20. Bg5 Bxf3 21. gxf3 Rc8 22. e6 dxe6
23. Qxg7 Rf8 24. O-O $10 {
Black is never in danger, apparently. The actual game continued (After 16.Qd2)}
) 16... Nfh4 17. Nxh4 Qxh4 18. Bxg6 $6 {
After this the weakness of the pawn on c4 tells} fxg6 $15 {
I will give the rest of the game because it is impressive play by Izzat} 19.
O-O O-O 20. f4 Ba6 21. dxe6 dxe6 22. Qc2 Qg4 23. Rf3 Rac8 24. Rg3 Rxc4 25. Rxg4
Rxc2 26. Rxg6 Rfc8 27. Be3 Re2 28. Rd1 Rxe3 29. Rd7 Re1+ 30. Kf2 Rf1+ 31. Ke3
Kh8 32. Rdxg7 Rc3+ 33. Kd2 Rd3+ 34. Kc2 Rf2+ 35. Kc1 Rc3+ 36. Kd1 Rc8 37. Rxa7
Rd8+ 38. Kc1 Bd3 39. Rh6+ Kg8 40. Rc7 Bf5 41. Rxh5 Rf1+ {0-1 Li,Zuhao Luke
(2332) - Izzat,Kanan Azar (2456) Australian Masters GM Melbourne (7), 18.12.
2015}) 9... Bb7 $1 {Diagram #} 10. h4 {
Vallejo Pons also considers two other lines here:} ({(A)} 10. Nf3 Bxf3 11. gxf3
Nc6 12. Be3 Nge7 {with counter play.} 13. Bd3 {
This position arose in a recent game} Rc8 14. Rg1 Ng6 {(14...g6=/+ according
to Stockfish7) White went onto win, though not as a result of the opening, in
Hawkins,Jo (2569) - Roberson,P (2407) London Classic Open 2015 London ENG (4.9)
, 06.12.2015}) ({(B)} 10. Qc3 Ne7 11. Nf3 Nbc6 12. Be2 Rc8 {
with counter play. But he doesn't consider:}) ({(C)} 10. a4 $5 {
soon gave White a decisive advantage after} Nc6 $6 {Black sets his pieces up
following Vallejo Pons prescription to target the c4 pawn, but it just doesn't
seem to work here with White having a timely rook lift Ra3 to c3. Maybe Black
should play against White's centre in a different way with} (10... f6 $5 {
This needs some testing but here is a sample line:} 11. f4 fxe5 12. dxe5 Na6
13. Ba3 (13. Bd3 $4 Nb4 $19) 13... Nh6 14. Bd3 Nc5 15. Bxc5 bxc5 {and I like
is position for Black even though Stockfish7 sticks with it's favourite
evaluation of 0.00. If White tries to be too greedy with} 16. Bxh7 $2 {then}
Rxh7 17. Qxh7 Qa5+ 18. Kf1 Qd2 $17 {and Black has more than enough
compensation for the exchange sacrifice. Back to the game (after 10...Nc6)...})
11. Nf3 Rc8 12. Be2 Nge7 13. O-O Na5 14. Ra3 Nf5 15. Rd1 O-O 16. Rc3 d6 17. Ba3
$16 (17. d5 $1 dxe5 18. Nxe5 $18 {Clearly this is not the sort of position
Black is aiming for Ponkratov,Pavel (2604) - Morozevich,Alexander (2711) Wch
Blitz Berlin (14), 14.10.2015. But blitz being blitz and Morozevich being
Morozevich Black still went on to win. |>})) ({(D)} 10. Ne2 Nc6 11. Bb2 Rc8 12.
Ng3 Na5 13. Rc1 Qh4 14. f3 f5 15. Qf2 Ne7 16. Be2 Ba6 $15 {with the usual
pressure against White's centre when things are going well for Black,
Arnaudov,Petar G (2445) - Volokitin,Andrei (2639) FRM-chT 23rd Struga (3.2),
16.07.2014}) 10... Ne7 11. Bb2 Nbc6 12. Nf3 Rc8 13. Nd2 (13. Be2 Na5 $17 14. h5
$2 Nxc4 15. Bxc4 Bxf3 16. gxf3 b5 $19) 13... Nf5 14. d5 Nce7 15. d6 Ng6 ({
The computer engine prefers} 15... Nc6) 16. h5 Nf4 17. Rh2 (17. Ne4 $1 $14 {
Stockfish7}) 17... Qg5 18. g3 Nxh5 19. Be2 Nhxg3 20. fxg3 Qxg3+ 21. Rf2 Ne3 22.
Qc3 Ng2+ 23. Kf1 Ne3+ 24. Ke1 Ng2+ 25. Kf1 Ne3+ 1/2-1/2

[Event "Shenzen Celebrity"]
[Site "Shenzen Rapid"]
[Date "2015.11.21"]
[Round "6"]
[White "Wang Hao"]
[Black "Ding Liren"]
[Result "1/2-1/2"]
[WhiteElo "2700"]
[BlackElo "2781"]
[PlyCount "73"]
[EventDate "2015.??.??"]

1. d4 Nf6 2. c4 e6 3. Nc3 Bb4 4. Qc2 b6 5. e4 c5 6. d5 Qe7 $1 {
Diagram # A key move} 7. Be2 {Considered best. Alternatives are:} (7. e5 $2
exd5 $17) (7. f3 $2 exd5 8. cxd5 Nxd5 $15) (7. Bd3 $2 exd5 8. cxd5 Ba6 $1 $15)
(7. dxe6 Qxe6 8. f3 Nc6 {with attack.}) (7. Nge2 exd5 8. exd5 O-O 9. Bg5 h6 10.
Bh4 d6 11. O-O-O Re8 12. h3 Nbd7 13. a3 Ba5 14. f4 Ba6 $15 {
0-1 (36) Martinovic,S (2526)-Postny,E (2670) Zadar 16.12.2015}) 7... exd5 {
Vallejo Pons gives the line:} (7... d6 8. Nf3 O-O 9. -- ({and now: (A)} 9. O-O
Bxc3 10. bxc3 exd5 (10... e5 11. Bg5 h6 12. Bh4 Bg4 {is unclear}) 11. exd5 Bg4
{with counter play. Also} (11... Bf5 $5 12. Qxf5 Qxe2 13. Bf4 $2 (13. Bh6 $1
Qe4 $1 $10) ({or} 13. Qf4 $6 {although the following line could do with some
further checking, though it really does seem that it is too dangerous for
White to go down this path} Nbd7 14. Re1 Qc2 15. Bd2 Rae8 16. Qxd6 Rxe1+ 17.
Rxe1 Qxa2 18. Re7 Qxc4 19. Rxd7 Nxd7 20. Qxd7 a5 21. d6 a4 22. Qe7 (22. Qa7 Qe4
$17) 22... Qe6 $17) 13... Qxc4 14. Bxd6 Re8 15. Rad1 Nbd7 16. Bg3 Qxc3 $17 {
Siva,Mahadevan (2370) - Kobo,Ori (2437) 15th Marienbad GM 2016 Marianske Lazne
CZE (1.1), 16.01.2016})) ({(B)} 9. Be3 $5 {
Gustafsson considers this is more precise than the immediate castles.} Bxc3+
10. bxc3 exd5 11. exd5 Bg4 12. O-O Nbd7 {
and White has avoided the option of Black putting his Bishop on f5. After} 13.
Rae1 Rae8 14. h3 Bxf3 15. Bxf3 Ne5 16. Be2 Qd8 {Gustafsson expresses the
opinion that White is better with ideas of f4, Bd3, Bd2 or c1 then some future
expansion on the Kingside. There is also the option of a4 threatening a5 or
tempting Black to play a5 himself. There aren't any practical examples yet,
but I guess someone will try this idea one day. Stockfish7 is happy enough to
call this position dead equal.})) 8. exd5 O-O (8... Qe4 $6 9. Qd2 $1 Qxg2 10.
Bf3 Qg6 11. Nge2 {with compensation for the pawn.}) 9. a3 (9. Nf3 d6 10. O-O
Bxc3 11. bxc3 Bg4 {seems to transpose to Vallejo Pons line.}) 9... Qe4 $5 {
Diagram #} (9... Bxc3+ 10. Qxc3 $1 {Presumably the point of a3 is to make the
Bishop take on c3 while White can recapture with the Queen. (it makes no sense
to play} (10. bxc3 d6 11. Nf3 Re8 $17 {and the tempo lost with a3 leaves White
struggling to develop due to the pin on the e-file}) 10... Re8 {
and it is still a little awkward for White to develop.}) 10. Qxe4 Bxc3+ 11.
bxc3 Nxe4 {The White pawns end up doubled after-all.} 12. Bd3 (12. Bf4 $5 Nxc3
13. Rc1 Nxe2 14. Nxe2 {with compensation for the pawn.}) 12... Re8 13. Ne2 {
Diagram #} Nxc3 (13... Ba6 $1 14. O-O (14. Bf4 Nxc3 15. Kd2 Nxe2 16. Bxe2 Rxe2+
17. Kxe2 Bxc4+ $17) 14... Nd6 $15) 14. Kd2 Nxe2 15. Re1 d6 16. Rxe2 Rxe2+ 17.
Kxe2 Nd7 18. f4 Bb7 19. a4 Re8+ 20. Kf2 a5 21. Bb2 Ba6 22. Rb1 h5 23. g3 Rb8
24. Re1 Kf8 25. Re3 Nf6 26. Bxf6 gxf6 27. Be2 Re8 28. Rxe8+ Kxe8 29. Ke3 Kf8
30. Kd3 h4 31. g4 f5 32. g5 f6 33. gxf6 Kf7 34. h3 Kxf6 35. Bd1 Bc8 36. Kc3 Bd7
37. Kd3 1/2-1/2

[Event "Poikovsky Karpov(8)"]
[Site "?"]
[Date "2015.10.06"]
[Round "8"]
[White "Lysyj, Igor"]
[Black "Morozevich, Alexander"]
[Result "0-1"]
[WhiteElo "2671"]
[BlackElo "2711"]
[PlyCount "62"]
[EventDate "2015.??.??"]

1. d4 Nf6 2. c4 e6 3. Nc3 Bb4 4. Qc2 b6 5. e4 c5 6. a3 Bxc3+ 7. bxc3 Bb7 8. Bd3
() 8... b5 $1 {Diagram # This move was first played by Slovenian grandmaster
Albin Planinc in 1976, but then not repeated until 2013. The idea is} () 9. Qb1
{The original Planinc game went 9.Rb1. My guess is that after the Planinc game
it was realised that 9.Qb1 was a stronger move and therefore the move 8...b5
was discarded for the next forty-odd years. In fact, an older video by Jan
Gustafsson's recommended this move 9.Qb1 but in light of the Vallejo Pons
video he commented that (+)My last video was kind of crap[+] (his words!) and
in part 2 of this article we have already seen Gustafsson's new suggestion.
We will soon see the answer to 9.Qb1, but first a recent game with} () 9...
cxd4 $1 {The antidote. Black plans to sacrifice his Rook on a8 and then try
and trap the Queen. It is important to throw this exchange in first otherwise}
({With any other move White will be worse. The computer tells me the second
best White attempt is a delayed Ra2 idea.} 9... e5 $6) () 10. cxd4 bxc4 11.
Qxb7 cxd3 12. Qxa8 Qb6 {Diagram # And here we have it - Black is preparing to
castle then Nc6 will trap the Queen.} 13. Nf3 $2 (13. Ra2 $1 {
is a computer draw pointed out by Vallejo Pons.}) (13. Ra2 Qb1 14. Ra1 Qb6 15.
Ra2 {and the crowd cheer! Also possible is}) (13. Ra2 O-O 14. Rb2 d2+ $1 15.
Kxd2 Qxd4+ 16. Ke1 Qc3+ 17. Kd1 Qd4+ 18. Ke1 $10 {
but also with no more than a repetition.}) 13... O-O {Diagram #} 14. Be3 {
The young American star Jeffrey Xiong, as White, lost here in a recent gamewith
} (14. O-O Nc6 15. Qxf8+ Kxf8 16. d5 exd5 17. exd5 Nxd5 $19 {
0-1 (44) Xiong,J (2544)-Moradiabadi,E (2587) ICC INT 2015}) 14... Na6 (14...
Nc6 $1 $17 {is definitely the computer engine preference. I trust Morozevich
would have studied this position beforehand (he wouldn't play into this line
with 8...b5 without knowing about the idea of sacrificing his rook). The move}
15. d5 {is simply met with} Qb2 {
so it's hard to understand why he preferred Na6.}) 15. Qxf8+ Kxf8 16. O-O Nxe4
17. Ne5 Qd6 18. Nxd3 Nc3 {Diagram # Black has a Queen and Pawn for two Rooks,
which you could argue is material equality, but the Rooks are hard to both
activate and coordinate.} 19. Kh1 {
Preparing Rc1. How else to activate the rooks?} f6 20. Rfc1 Nd5 21. a4 g5 22.
a5 h5 23. Rc4 g4 24. Bh6+ Kf7 25. Rc8 Nab4 26. Nc5 h4 27. Re1 Nc6 28. Rh8 Nxd4
29. Nxd7 h3 30. Nf8 hxg2+ 31. Kxg2 Qc6 0-1

[Event "Festival St'Anna Italy"]
[Site "?"]
[Date "2015.08.16"]
[Round "1"]
[White "Thornton, Gino"]
[Black "Romano, Jacopo"]
[Result "1/2-1/2"]
[WhiteElo "2187"]
[BlackElo "1969"]
[PlyCount "49"]
[EventDate "2015.??.??"]

1. Nf3 Nf6 2. c4 c5 3. g3 g6 4. Bg2 Bg7 5. O-O O-O 6. Nc3 Nc6 7. a3 d6 8. Rb1
a5 {
Diagram # In this position I followed up my Russell Dive inspired 8.Rb1 with}
9. d4 $2 {and found myself in a lot of trouble after} cxd4 10. Nxd4 Nxd4 11.
Qxd4 Bf5 $1 12. Qd1 $6 {I didn't like the look of} (12. Ra1 Ne4 {so I decided
it was probably better if I just gave him the exchange in the hope I could
fight back. I managed to outplay him, but it was only good enough for a draw.
Jacopo Romano went on to have a great tournament and a performance rating of
2222}) 12... Bxb1 13. Nxb1 Rc8 14. b3 a4 15. b4 Rxc4 16. Bxb7 Qb6 17. Bf3 Rfc8
18. Be3 Qb5 19. Qd3 Qd7 20. Bc5 R4xc5 21. bxc5 Rxc5 22. Nc3 Ng4 23. Ne4 Rc8 24.
Qa6 Ne5 25. Bg2 1/2-1/2

[Event "Festival St'Anna Italy"]
[Site "?"]
[Date "2015.08.17"]
[Round "3"]
[White "Thornton, Gino"]
[Black "Dragojlovic, Andjelko"]
[Result "0-1"]
[WhiteElo "2187"]
[BlackElo "2301"]
[PlyCount "72"]
[EventDate "2015.??.??"]

1. d4 g6 2. e4 Bg7 3. Nf3 d6 4. Bc4 e6 5. O-O Ne7 6. Re1 a6 7. a4 b6 8. Nbd2 h6
9. c3 Bb7 10. Bb3 Nd7 11. Nf1 c5 12. Ng3 Qc7 13. Qe2 O-O 14. h4 e5 15. h5 (15.
dxe5 dxe5 16. h5 Kh7 17. Kh2 g5 18. Bxg5 hxg5 19. Nxg5+ Kh8) 15... Kh7 16. Kh2
cxd4 {Diagram # I reached quite a nice position. Here I played} 17. Rh1 {
I was fairly excited to force the issue instead of simply recapturing then
playing Rh1 afterwards. I followed up with a speculative sac, and things got
exciting.} g5 18. Bxg5 hxg5 19. Nxg5+ Kh8 20. h6 Bf6 21. Nxf7+ Rxf7 22. Bxf7
Rf8 23. Ba2 d5 24. Kg1 dxc3 25. Rc1 d4 26. Qg4 {Diagram # At this point I was
really dreaming of pushing the pawn to h7 and playing Qg8 and wins. But
unfortunately that's not what happened} Qc6 $2 27. h7 $2 {
I missed my big opportunity to win and then quickly lost the thread..} (27. Nh5
$1 {wins} Qxe4 28. Qg7+ Bxg7 29. hxg7+ Kh7 30. gxf8=N+ Nxf8 31. Nf6+ Kg7 32.
Nxe4 Bxe4 33. bxc3 d3 $18) 27... Bg7 28. Nh5 $2 Qh6 $1 29. Rf1 Nf6 30. Qe6 Nxh5
31. Qxe7 Bxe4 32. bxc3 dxc3 33. Bf7 Bg6 34. Bxg6 Qxg6 35. Qc7 c2 36. g3 {
Diagram #} Nxg3 $1 0-1

[Event "Festival St'Anna Italy"]
[Site "?"]
[Date "2015.08.20"]
[Round "6"]
[White "Thornton, Gino"]
[Black "De Giorgi, Stefano"]
[Result "1-0"]
[WhiteElo "2187"]
[BlackElo "2118"]
[PlyCount "51"]
[EventDate "2015.??.??"]

1. d4 e6 2. c4 b6 3. a3 Bb7 4. Nc3 f5 5. d5 Na6 6. g3 Qf6 7. Bg2 O-O-O 8. Nf3
h6 9. Bf4 Bd6 10. Bxd6 cxd6 11. O-O Kb8 12. a4 Ne7 13. a5 Nc8 14. Nd4 e5 {
Diagram #} 15. Nc6+ $1 dxc6 16. dxc6 Bxc6 17. Bxc6 d5 18. Bxd5 Nc7 19. axb6
axb6 20. Qa4 h5 21. Nb5 $1 {Diagram #} Rxd5 22. cxd5 h4 23. Nxc7 hxg3 24. Qa8+
Kxc7 25. Rfc1+ Kd7 26. Qb7+ 1-0

[Event "Festival St'Anna Italy "]
[Site "?"]
[Date "2015.08.21"]
[Round "8"]
[White "Petkov, Vladimir"]
[Black "Thornton, Gino"]
[Result "1/2-1/2"]
[WhiteElo "2495"]
[BlackElo "2187"]
[PlyCount "85"]
[EventDate "2015.??.??"]

1. d4 Nf6 2. c4 e6 3. g3 d5 4. Bg2 Be7 5. Nf3 O-O 6. O-O dxc4 7. Nc3 Nc6 8. e3
Nb4 9. Ne5 c5 10. Nxc4 cxd4 11. exd4 Nfd5 12. Re1 Bd7 13. Ne5 Rc8 14. Bd2 Bc6
15. Nxc6 Rxc6 16. Qb3 Rc7 17. Rad1 Rd7 18. h4 Bf6 19. Bc1 Nc6 20. Nxd5 exd5 {
Diagram #} 21. Bh3 $5 {Initiating a certain amount of tactical excitement...}
Nxd4 22. Qd3 Re7 23. Bg2 Rxe1+ 24. Rxe1 Qa5 25. Bd2 Qxa2 26. Bc3 {
Diagram # The game now seems destined to burn out to a draw} Qc4 27. Qxc4 dxc4
28. Bxb7 Nc2 29. Re4 Bxc3 30. bxc3 Na3 31. Re7 Nb5 32. Ba6 Nxc3 33. Rxa7 h5 34.
Bxc4 Ne4 35. Kg2 g6 36. Rd7 Kg7 37. f3 Nf6 38. Ra7 Ne8 39. g4 Nd6 40. Ba2 hxg4
41. fxg4 Rc8 42. Kf3 Rc2 43. Kf4 1/2-1/2

[Event "Merv Morrison 2015"]
[Site "?"]
[Date "2015.10.24"]
[Round "3.2"]
[White "Shenyue, Li"]
[Black "Steadman, Mike"]
[Result "0-1"]
[WhiteElo "2024"]
[BlackElo "2304"]
[PlyCount "78"]
[EventDate "2015.??.??"]

1. e4 d5 2. exd5 Qxd5 3. Nc3 Qd6 {I did not know much about my opponent. I had
looked at this and lost the only game I had played on the board before with it.
Seemed like a perfectly sensible line to play to me then :-)} 4. d4 Nf6 5. Nf3
a6 6. g3 b5 7. Bg2 Bb7 8. O-O Nbd7 9. Bf4 Qb6 {Diagram # This is supposedly
the idea now, hide the Queen here and get the King sorted and Black is OK.
Things are never that simple...} 10. a4 $1 b4 11. a5 Qa7 12. Na4 Nd5 13. Bc1 $5
{Not sure about this move, Bd2 looks logical and good. The problem for Black
is he needs 3 moves to get the King to g8, White sacrifices a pawn and makes
this impossible and his game looks very ropey.} e6 14. c4 bxc3 15. bxc3 Be7 16.
c4 N5f6 17. d5 exd5 {Diagram #} 18. Qe2 $5 {
This is not the best, as Re8 will look at the Queen in some lines.} (18. Re1 $1
Kf8 19. Nh4 Re8 20. Nf5 h5 21. Nxe7 Rxe7 22. Ba3 c5 23. Rxe7 Kxe7 24. cxd5 {
White is just winning, 2 Bishops, black King out in the open - horrendous.})
18... Kf8 19. Nh4 Re8 20. Qd2 $2 {
White is losing the thread now, Black just needs to be careful...} (20. Be3 Qa8
21. Nf5 dxc4 22. Bxb7 Qxb7 23. Nxe7 Qe4 24. Rac1 Qxe7 25. Qxc4 {
White is still better, but Black is still fighting}) 20... dxc4 21. Nf5 Bxg2 {
Diagram #} 22. Nxg7 $2 {
White has miscalculated. There is no mate, so Black just keeps taking.} Bxf1
23. Qh6 Rb8 24. Be3 Qb7 25. Rxf1 {Diagram #} Ne5 $2 {This gives it all away, I
saw the error as soon as I moved, luckily my opponent was in time trouble and
missed her last chance.} (25... Ng8 26. Ne6+ Ke8 27. Ng7+ Kd8 28. Qf4 Ngf6 {
White can calmly resign a whole rook down}) 26. Nc5 $2 (26. Nh5+ $1 Ke8 27.
Nxf6+ Kd8 28. Rd1+ Nd3 29. Qg7 Rf8 30. Nxh7) 26... Qc6 27. Rd1 Rg8 28. Nge6+
Ke8 29. Ng7+ Rxg7 30. Qxg7 Nf3+ 31. Kf1 Nxh2+ 32. Kg1 {Diagram #} Nhg4 $2 {
Black does it again, a simple win is to be had.} (32... Nf3+ $1 33. Kf1 Bf8 34.
Qh8 Ne5 35. Kg1 Ng6) 33. Qh8+ Bf8 34. Re1 Ne4 35. Nxe4 Qxe4 {Diagram #} 36. Bd2
$2 {A time trouble rush of blood, she had missed the winning resource. White
had a save.} (36. Qxf8+ Kxf8 37. Bc5+ Kg8 38. Rxe4 Nf6 39. Rxc4 Rb5 40. Bd4 Nd5
41. Be5 Rxa5 42. Bxc7 Nxc7 43. Rxc7 {
If she knew what she was doing, she may have drawn this. No more chances.})
36... Rb1 37. Rxb1 Qxb1+ 38. Kg2 Qe4+ 39. Kf1 Nh2+ 0-1